00489nam a2200193 a 4500001001300000003000900013005001700022008004100039020001200080082001500092100002400107245003100131260003400162300000900196500003500205505001700240650001400257700002400271nice12345678IN_TiNIC20260116012711.0050524s1980 u sa grp 000 0 eng  ac122.500a232.3bCUL aCulpepper, Robert H aInterpreting the Atonement aU S AbSteven Book Shopc1980 a170p aincludes index and biblioraphy2 aBibliography aAtonement1 aCulpepper, Robert H